From Feminism to Liberation /

保存先:
書誌詳細
第一著者: Altbach, Edith Hoshino (comp.)
フォーマット: 図書
言語:英語
出版事項: Cambridge, EUA : Schenkman, 1971, c1971
主題:
タグ: タグ追加
タグなし, このレコードへの初めてのタグを付けませんか!

MARC

LEADER 00000nam^a2200000^a^4500
001 000190932
005 20250521000000.0
009 20260310102510.04
037 |a Acervo ITESO - Biblioteca 
041 |a ING 
082 |a 305. 42  |b ALT 
100 |a Altbach, Edith Hoshino  |e (comp.) 
245 1 0 |a From Feminism to Liberation /  |c Comp. e introd. de E.H. Altbach. 
264 4 |a Cambridge, EUA :  |b Schenkman,  |c 1971, c1971 
300 |a 275 p. 
336 |a texto  |b txt  |2 rdacontenido 
337 |a sin mediación  |b n  |2 rdamedio 
338 |a volumen  |b nc  |2 rdasoporte 
649 |a XX 
650 |a Mujeres -  |z Berlín, Alemania -  |x Condiciones Laborales 
650 |a Mujeres -  |z Alemania -  |x Condiciones Laborales 
650 |a Mujeres -  |z Berlín, Alemania -  |x Condiciones Sociales y Culturales 
650 |a Mujeres -  |z Alemania -  |x Condiciones Sociales y Culturales 
650 |a Mujeres -  |z EUA -  |x Condiciones Sociales y Culturales 
650 |a Mujeres -  |x Condiciones Laborales 
650 |a Mujeres -  |x Condiciones Psicológicas 
650 |a Negros en EUA -  |x Condiciones Sociales y Culturales 
650 |a Feminismo -  |z Alemania 
650 |a Feminismo -  |z EUA 
650 |a Feminismo -  |x Tema Principal 
650 |a Movimientos Sociales -  |z Alemania 
650 |a Movimientos Sociales -  |z EUA 
650 |a Movimientos Sociales 
650 |a Guarderías Infantiles -  |z Berlín, Alemania 
650 |a Guarderías Infantiles -  |z Alemania 
650 |a Prestaciones Laborales -  |z Berlín, Alemania 
650 |a Prestaciones Laborales -  |z Alemania 
650 |a Aborto -  |z EUA -  |x Aspectos Jurídicos 
650 |a Embarazo -  |z EUA -  |x Aspectos Jurídicos 
650 |a Reproducción Humana -  |z EUA -  |x Aspectos Jurídicos 
650 |a Derecho a la Salud -  |z EUA 
650 |a Derecho Social -  |z EUA 
650 |a Socialismo -  |z EUA -  |x Historia -  |y 1901-1919 
650 |a Socialismo -  |z EUA -  |x Historia -  |y Siglo XX 
650 |a Partidos de Izquierda -  |z EUA -  |x Historia -  |y 1901-1919 
650 |a Partidos de Izquierda -  |z EUA -  |x Historia -  |y Siglo XX 
650 |a Partidos Políticos -  |z EUA -  |x Historia -  |y 1901-1919 
650 |a Partidos Políticos -  |z EUA -  |x Historia -  |y Siglo XX 
650 |a Literatura de Mujeres 
650 |a Psicología 
650 |a Sociología 
910 |a Fondo General 
920 |a Impresos - Libros 
930 |a Colección General 
905 |a 101 
901 |a 0500134219  |b IT1  |c ACC  |u 20250521 
902 |a https://opac.biblio.iteso.mx/vufind/Record/000190932